Effective Proposal Writing (Record no. 829)

MARC details
000 -LEADER
Fixed length control field 00467nam a2200169 4500
003 - CONTROL NUMBER IDENTIFIER
Control field SEACOMMC
005 - DATE AND TIME OF LATEST TRANSACTION
Control field 20250426122634.0
008 - FIXED-LENGTH DATA ELEMENTS--GENERAL INFORMATION
Fixed length control field 241205b |||||||| |||| 00| 0 eng d
020 ## - INTERNATIONAL STANDARD BOOK NUMBER / ISBN
International Standard Book Number 978-07-6193-526-1
Price Rs.220.00
040 ## - CATALOGING SOURCE
Original cataloging agency SEACOMMC
082 ## - DEWEY DECIMAL CLASSIFICATION NUMBER
Classification number 808.066
Book Number M 984
100 ## - MAIN ENTRY--PERSONAL NAME
Personal name Murthy, Vasudev
245 1# - TITLE STATEMENT
Title Effective Proposal Writing
Statement of responsibility Vasudev Murthy
260 ## - IMPRINT
Place of publication New Delhi
Name of publisher Response Books
Date of publication 2006
650 ## - SUBJECT ADDED ENTRY--TOPICAL TERM
Topical term Proposal Writing in Business
942 ## - ADDED ENTRY ELEMENTS (KOHA)
Koha item type Books
Holdings
Withdrawn status Lost status Source of classification Damaged status Not for loan Home library Current library Shelving location Date acquired Total Checkouts Call number Accession number Date last seen Price effective from Koha item type Copy number
    Dewey Decimal Classification     SEACOM MANAGEMENT COLLEGE SEACOM MANAGEMENT COLLEGE Reference 30/11/2007   808.066 M 984 M-1105 05/12/2024 05/12/2024 Books  
    Dewey Decimal Classification     SEACOM MANAGEMENT COLLEGE SEACOM MANAGEMENT COLLEGE   30/11/2007   808.066 M 984 M-1106 05/12/2024 05/12/2024 Books 1
© Seacom Engineering College, All rights reserved.    Powered by Koha